000 00702cab a2200205 4500
001 WB2338-23
008 090401t1987 xxu||||| |||| 00| 0 eng d
035 _a(Sirsi) u7081
041 _aeng
245 _aMortgage package
260 _c1987
350 _a0
490 _aTimes
_v17/9/87 p3 Financial Times 23/9/87 p5
520 _aBrief details of a range of software packages available from Softserv Expert and Financial Systems, a specialist in computer software for the financial sector. The system is aimed at banks, building societies and estate agents.
650 _aFINANCIAL SERVICES
650 _aINVESTMENT
690 _aPRACTICE AND TECHNIQUES
942 _n0
948 _c04/03/1997
999 _c4225
_d4225